Synthetic Bible studies : (Record no. 5742)
[ view plain ]
| 000 -LEADER | |
|---|---|
| fixed length control field | 00770cam a2200217Ii 4500 |
| 001 - CONTROL NUMBER | |
| control field | 6370072 |
| 003 - CONTROL NUMBER IDENTIFIER | |
| control field | OCoLC |
| 005 - DATE AND TIME OF LATEST TRANSACTION | |
| control field | 20190109180106.0 |
| 008 - FIXED-LENGTH DATA ELEMENTS--GENERAL INFORMATION | |
| fixed length control field | 800529r19061923nyu 000 0 eng d |
| 040 ## - CATALOGING SOURCE | |
| Original cataloging agency | MOG |
| Transcribing agency | MOG |
| Modifying agency | VFY |
| -- | OCL |
| -- | ATH |
| 050 ## - LIBRARY OF CONGRESS CALL NUMBER | |
| Classification number | BS591 |
| Item number | .G7 1923 |
| 050 ## - LIBRARY OF CONGRESS CALL NUMBER | |
| Classification number | BS591 |
| Item number | .G7 1923 |
| 082 ## - DEWEY DECIMAL CLASSIFICATION NUMBER | |
| Classification number | REF 220 |
| Item number | G778s |
| 100 1# - MAIN ENTRY--PERSONAL NAME | |
| Personal name | Gray, James M. |
| Fuller form of name | (James Martin), |
| Dates associated with a name | 1851-1935. |
| 245 10 - TITLE STATEMENT | |
| Title | Synthetic Bible studies : |
| Remainder of title | containing an outline study of every book of the Bible, with suggestions for sermons, addresses, and Bible expositions / |
| Statement of responsibility, etc. | by James M. Gray. |
| 250 ## - EDITION STATEMENT | |
| Edition statement | New ed., rev. and enlarged. |
| 260 ## - PUBLICATION, DISTRIBUTION, ETC. | |
| Place of publication, distribution, etc. | New York ; |
| -- | Chicago : |
| Name of publisher, distributor, etc. | Fleming H. Revell, |
| Date of publication, distribution, etc. | 1906-1923. |
| 300 ## - PHYSICAL DESCRIPTION | |
| Extent | 340 p. ; |
| Dimensions | 21 cm. |
| 630 00 - SUBJECT ADDED ENTRY--UNIFORM TITLE | |
| Uniform title | Bible |
| Form subdivision | Outlines, syllabi, etc. |
| 942 ## - ADDED ENTRY ELEMENTS (KOHA) | |
| Source of classification or shelving scheme | Dewey Decimal Classification |
| Koha item type | Reference |
| Withdrawn status | Lost status | Source of classification or shelving scheme | Damaged status | Not for loan | Collection code | Home library | Current library | Shelving location | Date acquired | Cost, normal purchase price | Total Checkouts | Full call number | Barcode | Date last seen | Price effective from | Koha item type |
|---|---|---|---|---|---|---|---|---|---|---|---|---|---|---|---|---|
| Dewey Decimal Classification | Not For Loan | Non-fiction | Harvest Mission College | Harvest Mission College | General Stacks | 09.01.2019 | 250.00 | REF 220 G778s | 006649 | 09.01.2019 | 09.01.2019 | Reference |
